Catálogo

Vista normal Vista MARC

Entrada Personal Name

Número de registros utilizados en: 1

001 - CONTROL NUMBER

  • control field: 10752

003 - CONTROL NUMBER IDENTIFIER

  • control field: DLC

005 - DATE AND TIME OF LATEST TRANSACTION

  • control field: 20200312134513.0

008 - FIXED-LENGTH DATA ELEMENTS

  • fixed length control field: 870505n| azannaabn |a aaa

010 ## - LIBRARY OF CONGRESS CONTROL NUMBER

  • LC control number: n 86121213

035 ## - SYSTEM CONTROL NUMBER

  • System control number: (OCoLC)oca01847517

040 ## - CATALOGING SOURCE

  • Original cataloging agency: DLC
  • Language of cataloging: spa
  • Description conventions: rda
  • Transcribing agency: Mx-PuUPA
  • Modifying agency: DLC
  • Modifying agency: NjP
  • Modifying agency: OCoLC
  • Modifying agency: NNC
  • Modifying agency: UPB
  • Modifying agency: Mx-PuUPA

046 ## - SPECIAL CODED DATES

  • Birth date: 19470728

053 #0 - LC CLASSIFICATION NUMBER

  • Classification number element--single number or beginning number of span: PQ8180.2.A657

100 1# - HEADING--PERSONAL NAME

  • Personal name: Jaramillo Agudelo, Darío,
  • Dates associated with a name: 1947-

370 ## - ASSOCIATED PLACE

  • Place of birth: Santa Rosa de Osos (Colombia)
  • Source of term: naf

372 ## - FIELD OF ACTIVITY

  • Field of activity: Literature
  • Field of activity: Poetry
  • Source of term: lcsh

374 ## - OCCUPATION

  • Occupation: Authors
  • Occupation: Poets
  • Occupation: Merchants
  • Occupation: Lawyers
  • Source of term: lcsh

375 ## - GENDER

  • Gender: man

377 ## - ASSOCIATED LANGUAGE

  • Language code: spa

400 1# - SEE FROM TRACING--PERSONAL NAME

  • Personal name: Agudelo, Darío Jaramillo,
  • Dates associated with a name: 1947-

400 1# - SEE FROM TRACING--PERSONAL NAME

  • Personal name: Jaramillo, Darío,
  • Dates associated with a name: 1947-

400 1# - SEE FROM TRACING--PERSONAL NAME

  • Personal name: Jaramillo A., Darío
  • Fuller form of name: (Jaramillo Agudelo),
  • Dates associated with a name: 1947-

670 ## - SOURCE DATA FOUND

  • Source citation: Antología de lecturas amenas, 1986:
  • Information found: t.p. (Darío Jaramillo Agudelo) p. 4 of cover (b. in Santa Rosa de Osos, Antioquia on 7/28/47; lawyer and merchant)

670 ## - SOURCE DATA FOUND

  • Source citation: LC data base, 5-1-87
  • Information found: (hdg.: Jaramillo Agudelo, Darío, 1947- )

670 ## - SOURCE DATA FOUND

  • Source citation: Ayala Poveda, F. Darío Jaramillo, 1983.

670 ## - SOURCE DATA FOUND

  • Source citation: Sentimentario, 1988:
  • Information found: t.p. (Darío Jaramillo A.)

670 ## - SOURCE DATA FOUND

  • Source citation: Field guide, 2012 :
  • Information found: title page (Darío Jaramillo Agudelo) page 4 of cover (author and poet)

670 ## - SOURCE DATA FOUND

  • Source citation: Nicolas aprende los números, © 2012:
  • Information found: title page (Darío Jaramillo Agudelo) of cover

670 ## - SOURCE DATA FOUND

  • Source citation: Biblioteca del congreso (Estados Unidos), 12 marzo 2020:
  • Information found: . Catálogo electrónico
  • Uniform Resource Identifier: http://bit.ly/2U75XNU